000 00393nam a2200157Ia 4500
008 160316s1984 xxu||||| |||| 00| 0 eng d
082 _a345.050000
_bKEL-5
100 _aKelkar R V
245 _aOutlines of criminal procedure
250 _a2nd.
260 _aLucknow
_bEastern Book Co.
_c1984
300 _a612p
_b
_clxxx
365 _bRs.75
650 _a1. Criminal Procedure
700 _a
_a
999 _c2083
_d2083